000 00484pab a2200157 454500
008 180718b1999 xxu||||| |||| 00| 0 eng d
100 _aGhanekar-Kajale, Jayanti
245 _aChanging economic structure and rural labour institutions: micro level evidence from Maharashtra
260 _c1999
300 _ap.829-39
362 _aOct-Dec
650 _aTrade unions - India - Maharashtra
650 _aTrade unions
773 _aIndian Journal of Labour Economics
909 _a43368
999 _c43368
_d43368